New orders in the construction industry (Record no. 112736)

MARC details
000 -LEADER
fixed length control field 01131cad a22002175a 4500
001 - CONTROL NUMBER
control field L153865
008 - FIXED-LENGTH DATA ELEMENTS--GENERAL INFORMATION
fixed length control field 110914e20110304xxkd f s f000 0 eng d
035 ## - SYSTEM CONTROL NUMBER
System control number (Sirsi) u153865
041 0# - LANGUAGE CODE
Language code of text/sound track or separate title eng
110 1# - MAIN ENTRY--CORPORATE NAME
Corporate name or jurisdiction name as entry element United Kingdom
Subordinate unit Office of National Statistics
9 (RLIN) 2035
245 00 - TITLE STATEMENT
Title New orders in the construction industry
Remainder of title second quarter 2011
Medium [electronic resource]
260 ## - PUBLICATION, DISTRIBUTION, ETC.
Place of publication, distribution, etc. [S.l.]
Name of publisher, distributor, etc. ONS
Date of publication, distribution, etc. 2011
490 ## - SERIES STATEMENT
Series statement ONS Statistical Bulletin
Volume/sequential designation 2 September 2011
520 ## - SUMMARY, ETC.
Summary, etc. New orders in the second quarter of 2011 fell by 16.3 percent in comparison with quarter one, the total volume of all new orders is now at its lowest total since the third quarter of 1980, new construction orders fell by 23.2 percent compared with the same period in 2010, private industrial was the only sector which showed a positive growth from the first to the second quarter (6.6%).
590 ## - LOCAL NOTE (RLIN)
Local note KA
650 24 - SUBJECT ADDED ENTRY--TOPICAL TERM
Topical term or geographic name entry element ONS NEW CONSTRUCTION ORDERS
651 #4 - SUBJECT ADDED ENTRY--GEOGRAPHIC NAME
Geographic name Great Britain
Chronological subdivision 1707-
690 ## - LOCAL SUBJECT ADDED ENTRY--TOPICAL TERM (OCLC, RLIN)
Topical term or geographic name as entry element BUILT ENVIRONMENT-CONSTRUCTION MARKET
856 40 - ELECTRONIC LOCATION AND ACCESS
Uniform Resource Identifier <a href="https://www.ons.gov.uk/ons/dcp171778_230785.pdf">https://www.ons.gov.uk/ons/dcp171778_230785.pdf</a>
Public note View the item free of charge at www.ons.gov.uk
942 ## - ADDED ENTRY ELEMENTS (KOHA)
Suppress in OPAC 0
Holdings
Withdrawn status Lost status Source of classification or shelving scheme Damaged status Not for loan Home library Current library Shelving location Date acquired Total Checkouts Full call number Barcode Date last seen Copy number Price effective from Koha item type
    Dewey Decimal Classification     Virtual Virtual Online 14/09/2011   ONLINE PUBLICATION 153865-2001 06/08/2019 1 06/08/2019 Book